| 000 | 00529nam a2200181Ia 4500 | ||
|---|---|---|---|
| 008 | 131103s9999 xx 000 0 und d | ||
| 040 | _aLoreto College | ||
| 041 | _aEnglish | ||
| 082 |
_a371.63/ING _bLCBED/1701 |
||
| 100 | _aInglis, Alexander | ||
| 245 | 4 |
_aThe teaching of handwriting _b Infant teacher,s manual _cAlexander Inglis and Elizabeth Connell |
|
| 260 |
_aLondon _bNelson _c1973 |
||
| 300 |
_a118p. _c 20cm. |
||
| 650 | _aEducation | ||
| 700 | _aConnell, Elizabeth | ||
| 850 | _aLCBED/371.63/ING | ||
| 942 | _cBK | ||
| 999 |
_c26077 _d76556 |
||